000 00621nam a2200181Ia 4500
008 100921s9999 xx 000 0 und d
082 _b15177
_a954 थ 00
100 _aराजवाडे विश्वनाथ काशिनाथ.
245 _aपेशव्याचंी शकावली.
260 _b---
_c1900
300 _a149
_b---
365 _b1.5
520 _aइतिहास-भारत.
630 _aपेशव्याचंी शकावली.
650 _aइतिहास-भारत.
730 _aपेशव्याचंी शकावली.
942 _cBOOK
999 _c764290
_d764287